Society, schools and progress in Tanzania/ (Record no. 31564)
[ view plain ]
| 000 -LEADER | |
|---|---|
| fixed length control field | 00508nam a2200157 4500 |
| 008 - FIXED-LENGTH DATA ELEMENTS--GENERAL INFORMATION | |
| fixed length control field | 230530b |||||||| |||| 00| 0 eng d |
| 020 ## - INTERNATIONAL STANDARD BOOK NUMBER | |
| International Standard Book Number | 9781483126722 |
| 050 ## - LIBRARY OF CONGRESS CALL NUMBER | |
| Classification number | LA 1841 .C36 1970 |
| 100 ## - MAIN ENTRY--PERSONAL NAME | |
| Personal name | Cameron, J. |
| 245 ## - TITLE STATEMENT | |
| Title | Society, schools and progress in Tanzania/ |
| Statement of responsibility, etc. | J. Cameron and W. Adodd |
| 260 ## - PUBLICATION, DISTRIBUTION, ETC. (IMPRINT) | |
| Place of publication, distribution, etc. | Oxford: |
| Name of publisher, distributor, etc. | Pergamon Press Inc, |
| Date of publication, distribution, etc. | 1970. |
| 300 ## - PHYSICAL DESCRIPTION | |
| Extent | xvi, 255p. |
| 650 ## - SUBJECT ADDED ENTRY--TOPICAL TERM | |
| Topical term or geographic name as entry element | Education |
| Geographic subdivision | Tanzania |
| 650 ## - SUBJECT ADDED ENTRY--TOPICAL TERM | |
| Topical term or geographic name as entry element | Politics and government. |
| 942 ## - ADDED ENTRY ELEMENTS (KOHA) | |
| Source of classification or shelving scheme | |
| Koha item type | Africana (Books) |
| Classification part | LA 1841 .C36 1970 |
| Withdrawn status | Lost status | Source of classification or shelving scheme | Damaged status | Not for loan | Home library | Current library | Shelving location | Date acquired | Source of acquisition | Total Checkouts | Full call number | Barcode | Date last seen | Date last checked out | Price effective from | Koha item type |
|---|---|---|---|---|---|---|---|---|---|---|---|---|---|---|---|---|
| MACHAKOS UNIVERSITY LIBRARY | MACHAKOS UNIVERSITY LIBRARY | Africana | 10/05/2023 | Purchase - Falcon Books | 3 | LA 1841 .C36 1970 | 39345 | 07/07/2023 | 22/06/2023 | 30/05/2023 | Hard Covered Materials |